000 00493nam a22001697a 4500
005 20251108164148.0
008 250721s1987 xx 000 0 ara d
082 1 4 _a219/هار
100 1 _aهارون، عبد السلام
245 1 0 _aتهذيب سيرة إبن هشام /
250 _aط5.، مزيده و منقحه.
264 1 _aالقاهرة :
_bمكتبة السنه،
_c1987.
300 _a383ص.
650 1 7 _aالسيرة النبوية
942 _2ddc
_cBK
999 _c5192
_d5192